01181nam a22003135i 4500999001700000001000900017003000900026005001700035008004100052020002400093040003300117082002000150100002700170245007600197250001900273264004000292300004400332336002600376337002800402338002700430504005100457650005100508650004500559653001900604655002400623906004500647942001200692952016300704 c29243d2921419367894EG-ScBUE20210726100036.0161108s2017 enk f b 001 0 eng d a9781473948877 (pbk) aDLCbengerdacDLCdEG-ScBUE04a300.72bTHO2221 aThomas, Gary,eauthor.10aHow to do your research project :ba guide for students /cGary Thomas. aThird edition. 1aLondon :bSAGE Publications,c2017. axv, 336 pages :billustrations ;c28 cm atextbtxt2rdacontent aunmediatedbn2rdamedia avolumebnc2rdacarrier aIncludes bibliographical references and index. 7aSocial sciencesxResearchxMethodology.2BUEsh 7aEducationxResearchxMethodology.2BUEsh bGGENcJuly2021 vReading book934232 a0bibccorignewd2eepcnf20gy-gencatlg 2ddccBB 00102ddc40708AcademicaMAINbMAINc1STd2021-07-26ePurchaseg360.00l2m9o300.72 THOp000050411r2025-07-15 00:00:00s2022-03-06v450.00w2021-07-26yBB